00150nam a2200061Ia 4500008004100000100002300041245002400064120527s9999 xx 000 0 und d aSarrason & Sarason aAbnormal Psychology